Sports Quiz

Random Sports or Hockey Quiz
Score 0/33 Timer 06:00
0 Plays Today
Team Player % Correct
Calgary FlamesJarome Iginla
89.7%
New Jersey DevilsMartin Brodeur
75.8%
Vancouver CanucksDaniel Sedin
73.5%
Vancouver CanucksHenrik Sedin
73.4%
Detroit Red WingsNicklas Lidstrom
70.7%
Tampa Bay LightningMartin St. Louis
70.7%
Dallas StarsMike Modano
69.6%
Ottawa SenatorsDaniel Alfredsson
67.7%
Tampa Bay LightningVincent Lecavalier
64.6%
Phoenix CoyotesShane Doan
60.8%
New Jersey DevilsPatrik Elias
60.5%
San Jose SharksPatrick Marleau
59.6%
Colorado AvalancheMilan Hejduk
50.2%
Dallas StarsMarty Turco
49.6%
San Jose SharksEvgeni Nabokov
49.6%
Carolina HurricanesRod Brind'Amour
44.3%
Nashville PredatorsDavid Legwand
39.9%
Team Player % Correct
Montreal CanadiensAndrei Markov
39.5%
Dallas StarsBrenden Morrow
37%
Toronto Maple LeafsTomas Kaberle
36.8%
Ottawa SenatorsChris Phillips
35.9%
Detroit Red WingsTomas Holmstrom
33.7%
Philadelphia FlyersSimon Gagne
32.7%
Detroit Red WingsKris Draper
32.2%
Edmonton OilersShawn Horcoff
27.9%
Detroit Red WingsKirk Maltby
24.9%
Dallas StarsJere Lehtinen
23.8%
Ottawa SenatorsMike Fisher
22.7%
Calgary FlamesRobyn Regehr
21%
Columbus Blue JacketsRostislav Klesla
14.9%
New Jersey DevilsColin White
13.8%
Edmonton OilersEthan Moreau
10.8%
New Jersey DevilsJay Pandolfo
9.4%

You're not logged in!

Compare scores with friends on all Sporcle quizzes.
OR
Log In

Sporcle TV

Today on Sporcle TV


Watch our educational content, quiz creation guides, and fun videos on Sporcle TV.

Show Comments

Extras

Top Quizzes Today


Score Distribution

Your Account Isn't Verified!

In order to create a playlist on Sporcle, you need to verify the email address you used during registration. Go to your Sporcle Settings to finish the process.

Report this User

Report this user for behavior that violates our Community Guidelines.

Details: